| 000 | 00872nam a22002177a 4500 | ||
|---|---|---|---|
| 005 | 20230324112501.0 | ||
| 008 | 220909b ||||| |||| 00| 0 eng d | ||
| 020 | _a0761940545 | ||
| 040 | _cAL | ||
| 041 | _aeng | ||
| 082 |
_223 _a155.4123 _bDAVM |
||
| 100 |
_aMollie Davies _956957 |
||
| 245 | _aMovement and dance in early childhood | ||
| 250 | _a2nd ed. | ||
| 260 |
_aNew Delhi _bPaul Champman Publishing _c2003 |
||
| 300 |
_axx,216p. _bHB _c24.5x17cm. |
||
| 365 |
_2General _aWORDI/2022/CRB/1323 _b₹2550.00 _c₹ _d₹3643.20 _e30% _f26-08-2022 |
||
| 520 | _aWhat is movement; learning to move; moving to learn the learning teaching environment; supporting extending and enriching movement; a matter expression; creating performing and appreciating dance; dance in statutory education. | ||
| 650 |
_2General Child Psychology _aPsychology _956958 |
||
| 942 |
_2ddc _cBK |
||
| 999 |
_c224545 _d224545 |
||